MARC details
| 000 -CABECERA |
| campo de control de longitud fija |
02748nam a2200553 a 4500 |
| 001 - NÚMERO DE CONTROL |
| campo de control |
991054269139706706 |
| 003 - IDENTIFICADOR DEL NÚMERO DE CONTROL |
| campo de control |
ES-BaIT |
| 005 - FECHA Y HORA DE LA ÚLTIMA TRANSACCIÓN |
| campo de control |
20260130135002.0 |
| 008 - DATOS DE LONGITUD FIJA--INFORMACIÓN GENERAL |
| campo de control de longitud fija |
021003s1793 sp |||||| 000 d|spa |
| 026 ## - IDENTIFICADOR DE HUELLA DIGITAL |
| Huella digital no analizada |
o?r? s,r! a,ad a!o. C ca.1793 Q |
| Fuente |
fei |
| 035 ## - NÚMERO DE CONTROL DEL SISTEMA |
| Número de control de sistema |
(ES-BaCBU).b24343110 |
| 040 ## - FUENTE DE LA CATALOGACIÓN |
| Centro catalogador/agencia de origen |
ES-BaBC |
| Lengua de catalogación |
cat |
| Centro/agencia transcriptor |
ES-BaBC |
| 080 ## - NÚMERO DE LA CLASIFICACIÓN DECIMAL UNIVERSAL |
| Número de la Clasificación Decimal Universal |
860-2"17" |
| 245 00 - MENCIÓN DE TÍTULO |
| Título |
Entremes del mico |
| 246 33 - FORMA VARIANTE DE TÍTULO |
| Título propio/Titulo breve |
Mico |
| 260 ## - PUBLICACIÓN, DISTRIBUCIÓN, ETC. |
| Lugar de publicación, distribución, etc. |
[España : |
| Nombre del editor, distribuidor, etc. |
s.n., |
| Fecha de publicación, distribución, etc. |
ca. 1793] |
| 300 ## - DESCRIPCIÓN FÍSICA |
| Extensión |
[16] p. ; |
| Dimensiones |
8º ; |
| -- |
16 cm |
| 500 ## - NOTA GENERAL |
| Nota general |
Data aprox. deduïda d'altres entremesos de les mateixes característiques tipogràfiques |
| 500 ## - NOTA GENERAL |
| Nota general |
Sense signatures |
| 500 ## - NOTA GENERAL |
| Nota general |
Reclams |
| 510 3# - NOTA DE CITAS O REFERENCIAS BIBLIOGRÁFICAS |
| Nombre de la fuente |
Referències: BUB [en línia]; CCPBC [en línia]; CCPBE [en línia]; Palau 168039 |
| 533 ## - NOTA DE REPRODUCCIÓN |
| Tipo de reproducción |
Reproducció digital disponible a Biblioescènic |
| 593 00 - Camps col·lecció exemplar |
| Signatura topogràfica i/o núm. de registre |
VIT-080/18. |
| Notes |
Relligat en volum factici. |
| Digitalització |
Exemplar digitalitzat per Crossland. |
| Nom de la col·lecció especial |
Artur Sedó |
| 593 00 - Camps col·lecció exemplar |
| Signatura topogràfica i/o núm. de registre |
VIT-082/06. |
| Notes |
Relligat en volum factici. |
| Digitalització |
Exemplar digitalitzat per Crossland. |
| Nom de la col·lecció especial |
Artur Sedó |
| 593 00 - Camps col·lecció exemplar |
| Signatura topogràfica i/o núm. de registre |
VIT-083/12. |
| Notes |
Relligat en volum factici. |
| Digitalització |
Exemplar digitalitzat per Crossland. |
| Nom de la col·lecció especial |
Artur Sedó |
| 593 00 - Camps col·lecció exemplar |
| Notes |
holand.granate. Procedència: Col·lecció Joaquín Montaner |
| 593 00 - Camps col·lecció exemplar |
| Notes |
holand,granate (Entremeses II) |
| 593 00 - Camps col·lecció exemplar |
| Notes |
holand,azul (Entremeses IV) |
| 593 00 - Camps col·lecció exemplar |
| Notes |
holand, azul (Entremeses IX) |
| 593 00 - Camps col·lecció exemplar |
| Notes |
holand,granate (Entremeses I) |
| 730 0# - ENTRADA AGREGADA--TÍTULO UNIFORME |
| Título uniforme |
Col·lecció digital Biblioescènic del MAE |
| 9 (RLIN) |
69172 |
| 752 ## - ENTRADA AGREGADA--NOMBRE JERÁRQUICO DEL LUGAR |
| País o entidad superior |
Espanya |
| 856 41 - LOCALIZACIÓN Y ACCESO ELECTRÓNICOS |
| Nota pública |
Accés lliure (Biblioescènic) |
| Especificación de materiales |
Exemplar VIT-080/18 |
| Identificador Uniforme del Recurso |
<a href="https://books.cdmae.cat/visorpdf/?recurs=SV0080-18">https://books.cdmae.cat/visorpdf/?recurs=SV0080-18</a> |
| 856 41 - LOCALIZACIÓN Y ACCESO ELECTRÓNICOS |
| Nota pública |
Accés lliure (Biblioescènic) |
| Especificación de materiales |
Exemplar VIT-082/07 |
| Identificador Uniforme del Recurso |
<a href="https://books.cdmae.cat/visorpdf/?recurs=SV0082-07">https://books.cdmae.cat/visorpdf/?recurs=SV0082-07</a> |
| 856 41 - LOCALIZACIÓN Y ACCESO ELECTRÓNICOS |
| Nota pública |
Accés lliure (Biblioescènic) |
| Especificación de materiales |
Exemplar VIT-083/12 |
| Identificador Uniforme del Recurso |
<a href="https://books.cdmae.cat/visorpdf/?recurs=SV0083-12">https://books.cdmae.cat/visorpdf/?recurs=SV0083-12</a> |
| 856 41 - LOCALIZACIÓN Y ACCESO ELECTRÓNICOS |
| Nota pública |
Accés lliure |
| Identificador Uniforme del Recurso |
<a href="http://www.bibgirona.cat/pandora/details.vm?lang=ca&view=Ripoll&q=id:0000001139">http://www.bibgirona.cat/pandora/details.vm?lang=ca&view=Ripoll&q=id:0000001139</a> |
| 856 42 - LOCALIZACIÓN Y ACCESO ELECTRÓNICOS |
| Especificación de materiales |
Fitxa del catàleg manual |
| Identificador Uniforme del Recurso |
<a href="http://www.cdmae.cat/sedo/imgtitulos/045/P0000978.gif">http://www.cdmae.cat/sedo/imgtitulos/045/P0000978.gif</a> |
| 856 42 - LOCALIZACIÓN Y ACCESO ELECTRÓNICOS |
| Especificación de materiales |
Fitxa del catàleg manual |
| Identificador Uniforme del Recurso |
<a href="http://www.cdmae.cat/sedo/imgtitulos/045/P0000979.gif">http://www.cdmae.cat/sedo/imgtitulos/045/P0000979.gif</a> |
| 856 42 - LOCALIZACIÓN Y ACCESO ELECTRÓNICOS |
| Especificación de materiales |
Fitxa del catàleg manual |
| Identificador Uniforme del Recurso |
<a href="http://www.cdmae.cat/sedo/imgtitulos/045/P0000980.gif">http://www.cdmae.cat/sedo/imgtitulos/045/P0000980.gif</a> |
| 856 42 - LOCALIZACIÓN Y ACCESO ELECTRÓNICOS |
| Especificación de materiales |
Fitxa del catàleg manual |
| Identificador Uniforme del Recurso |
<a href="http://www.cdmae.cat/sedo/imgtitulos/045/P0000981.gif">http://www.cdmae.cat/sedo/imgtitulos/045/P0000981.gif</a> |
| 856 42 - LOCALIZACIÓN Y ACCESO ELECTRÓNICOS |
| Especificación de materiales |
Fitxa del catàleg manual |
| Identificador Uniforme del Recurso |
<a href="http://www.cdmae.cat/sedo/imgtitulos/045/P0000982.gif">http://www.cdmae.cat/sedo/imgtitulos/045/P0000982.gif</a> |
| 902 ## - ELEMENTOS DE DATOS B LOCAL, LDB (RLIN) |
| a |
Patrimoni |
| 902 ## - ELEMENTOS DE DATOS B LOCAL, LDB (RLIN) |
| a |
Fons antic |
| 908 ## - COLOCAR PARÁMETRO DE COMANDO (RLIN) |
| Colocar parámetro de comando |
AFP |
| -- |
BC |
| -- |
AHCB |
| -- |
BPA |
| -- |
ANC |
| -- |
CDMAE |
| 940 ## - EQUIVALENCIA O REFERENCIA-CRUZADA--TÍTULO UNIFORME [OBSOLETO] [solamente CAN/MARC] |
| Título uniforme |
<a href="BC">BC</a> |
| 942 ## - ELEMENTOS DE ENTRADA AGREGADA (KOHA) |
| Fuente del sistema de clasificación o colocación |
Clasificación decimal universal |
| Tipo de ítem Koha |
Digital |